Черный мустангер | Золотой браслет (Запись № 10927338)

Подробности
000 -МАРКЕР
контрольное поле 01458nam0a2200337 i 4500
001 - ИДЕНТИФИКАТОР ЗАПИСИ
контрольное поле RU\NLR\BIBL_A\011292011
005 - ИДЕНТИФИКАТОР ВЕРСИИ
контрольное поле 20260406083858.0
010 ## - МЕЖДУНАРОДНЫЙ СТАНДАРТНЫЙ НОМЕР КНИГИ (ISBN)
Номер (ISBN) 9785444450901
Тираж 3000
021 ## - НОМЕР ГОСУДАРСТВЕННОЙ РЕГИСТРАЦИИ
Код страны Российская Федерация
Номер 2016-91811
Номер Листа государственной регистраци 6059
035 ## - ДРУГИЕ СИСТЕМНЫЕ НОМЕРА
Идентификатор записи (NLR Aleph) 011292011
100 ## - ДАННЫЕ ОБЩЕЙ ОБРАБОТКИ
Данные общей обработки 20161213d2017 u y0rusy50 ca
101 1# - ЯЗЫК РЕСУРСА
Язык текста, звукозаписи и т.д. русский
Язык оригинала английский
102 ## - СТРАНА ПУБЛИКАЦИИ ИЛИ ПРОИЗВОДСТВА
Страна публикации Российская Федерация
105 ## - ПОЛЕ КОДИРОВАННЫХ ДАННЫХ: ТЕКСТОВЫЕ МАТЕРИАЛЫ, МОНОГРАФИЧЕСКИЕ
Кодированные данные о монографическом текстовом документе ac z 000ay
200 1# - ЗАГЛАВИЕ И СВЕДЕНИЯ ОБ ОТВЕТСТВЕННОСТИ
Основное заглавие Черный мустангер
-- Золотой браслет
Сведения, относящиеся к заглавию [роман
-- перевод с английского]
Первые сведения об ответственности Томас Майн Рид
Последующие сведения об ответственности [ил.: Р. де ла Незьер, Л. Беннетт]
210 ## - ПУБЛИКАЦИЯ, РАСПРОСТРАНЕНИЕ И ДР.
Место издания, распространения и т.д. Москва
Имя издателя, распространителя и т. д. Вече
Дата издания, распространения и т.д. 2017
-- [т.е. 2016]
215 ## - ФИЗИЧЕСКАЯ ХАРАКТЕРИСТИКА
Специфическое обозначение материала и объем 414, [1] с.
Другие сведения о физической характеристике ил., портр.
Размеры 21
225 1# - СЕРИЯ
Основное заглавие серии Мастера приключений
225 1# - СЕРИЯ
Основное заглавие серии Собрание сочинений
300 ## - ОБЩИЕ ПРИМЕЧАНИЯ
Текст примечания На обороте тит. л.: Романы созданы совместно с Фредериком Уиттекером
320 ## - ПРИМЕЧАНИЯ О НАЛИЧИИ В ДОКУМЕНТЕ БИБЛИОГРАФИИ / УКАЗАТЕЛЯ
Текст примечания Др. кн. авт.: с. 1
333 ## - ПРИМЕЧАНИЯ ОБ ОСОБЕННОСТЯХ РАСПРОСТРАНЕНИЯ И ИСПОЛЬЗОВАНИЯ
Текст примечания 12+
686 1# - ИНДЕКСЫ ДРУГИХ КЛАССИФИКАЦИЙ
Индекс Ш6(4Вл)57-440.4{Лх1296.2-50}
700 #1 - ИМЯ ЛИЦА - ПЕРВИЧНАЯ ОТВЕТСТВЕННОСТЬ
Графика поля Кириллица
Материалы, к которым относится поле rus
Начальный элемент ввода Рид
Часть имени, кроме начального элемента ввода М.
Даты 1818-1883
Расширение инициалов личного имени Майн
Системный номер авторитетной/нормативной записи 34136
Идентификатор авторитетной/нормативной записи RU\NLR\AUTH\7751202
702 #1 - ИМЯ ЛИЦА - ВТОРИЧНАЯ ОТВЕТСТВЕННОСТЬ
Код отношения Карикатурист, Художник
Графика поля Кириллица
Материалы, к которым относится поле rus
Начальный элемент ввода Ла Незьер
Часть имени, кроме начального элемента ввода Р. де
Даты 1865-1953
Расширение инициалов личного имени Раймон де
Системный номер авторитетной/нормативной записи 167891
Идентификатор авторитетной/нормативной записи RU\NLR\AUTH\770167939
702 #1 - ИМЯ ЛИЦА - ВТОРИЧНАЯ ОТВЕТСТВЕННОСТЬ
Код отношения Карикатурист, Художник
Начальный элемент ввода Бенетт
Часть имени, кроме начального элемента ввода Л.
Даты 1839-1917
Расширение инициалов личного имени Леон
Системный номер авторитетной/нормативной записи 139471
Идентификатор авторитетной/нормативной записи RU\NLR\AUTH\770139506
942 ## - ДОПОЛНИТЕЛЬНЫЕ ЭЛЕМЕНТЫ ЗАПИСИ (АБИС)
Тип экземпляра АБИС Книга
980 ## - КОЛЛЕКЦИЯ
Название коллекции НБР

Нет доступных экземпляров.